[Event "EU-chT (Men) 19th"]
[Site "Warsaw"]
[Date "2013.11.15"]
[Round "7.13"]
[White "Petkov, Vladimir"]
[Black "Gretarsson, Hjorvar Steinn"]
[Result "1-0"]
[WhiteElo "2570"]
[BlackElo "2511"]
[PlyCount "101"]
[EventDate "2013.11.08"]
[EventType "team-swiss"]
[EventRounds "9"]
[EventCountry "POL"]
[SourceTitle "CBM 158"]
[Source "ChessBase"]
[SourceDate "2014.01.16"]
[SourceVersion "1"]
[SourceVersionDate "2014.01.16"]
[SourceQuality "1"]
[WhiteTeam "Bulgaria"]
[BlackTeam "Iceland"]
[WhiteTeamCountry "BUL"]
[BlackTeamCountry "ISL"]

1. Nf3 c5 2. g3 Nc6 3. Bg2 g6 4. c3 e5 5. d4 cxd4 6. cxd4 e4 7. Ne5 d5 8. O-O ({RR} 8. Nc3 Bg7 9. O-O Nge7 10. Nxc6 bxc6 11. Na4 h5 12. Bg5 h4 13. Rc1 f6 14. Bd2 Rb8 15. b3 g5 16. f3 hxg3 17. hxg3 Qd6 18. Qe1 Nf5 19. fxe4 dxe4 20. e3 Nxg3 21. Rxc6 Ne2+ 22. Qxe2 Qxc6 {Babula,V (2492)-Neugebauer,M (2509) Slovakia SVK 2025 ½-½ (36)}) 8... Bg7 9. Nxc6 bxc6 10. Nd2 $146 ({RR} 10. Nc3 h5 11. f3 exf3 12. exf3 Ne7 13. Bg5 O-O 14. Qd2 Re8 15. Rfe1 Be6 16. Na4 Qc8 17. Bxe7 Rxe7 18. Nc5 Qc7 19. Nxe6 Rxe6 20. Rxe6 fxe6 21. f4 Rb8 22. b3 c5 23. Rc1 c4 24. bxc4 dxc4 {Praggnanandhaa,R (2684)-Erigaisi,A (2722) Kolkata IND 2022 ½-½ (45)}) ({RR} 10. Nc3 Ne7 11. Na4 h5 12. Bg5 h4 13. Bxe7 Qxe7 14. Qc2 O-O 15. Rfd1 h3 16. Bf1 e3 17. f3 Bf5 18. Qc5 Qxc5 19. Nxc5 Rfb8 20. Nb3 a5 21. g4 Bc2 22. Rdc1 a4 23. Na5 Rxa5 24. Rxc2 Bxd4 {Antal,G (2524)-Ivanisevic,I (2623) Hungary 2015 0-1 (39)}) 10... h5 11. Qa4 Ne7 12. Nb3 h4 13. Bg5 f6 14. Bf4 Bh6 15. Bxh6 Rxh6 16. f3 hxg3 17. fxe4 Rxh2 18. Nc5 Qd6 19. exd5 Nxd5 20. Qb3 f5 21. Bxd5 cxd5 22. Qe3+ Kf8 23. Rf3 Kg7 24. Nd3 Ba6 25. Rxg3 Bxd3 26. Kxh2 Be4 27. Kg1 f4 28. Qa3 Qe6 29. Rb3 Qg4+ 30. Kf2 Qh4+ 31. Kf1 Qh1+ 32. Kf2 Qh4+ 33. Kf1 Re8 34. Rh3 Qg5 35. Rh2 f3 36. exf3 Qf4 37. Qxa7+ Kf6 38. Qh7 Bd3+ 39. Kg1 Qe3+ 40. Rf2 Qg5+ 41. Kh1 Qf4 42. Qh2 Qxd4 43. Qd6+ Kg7 44. Kg2 Re5 45. Qd7+ Kf8 46. Qd8+ Re8 47. Qd6+ Kg7 48. Rh1 Bf5 49. Qc7+ Kf6 50. Rh7 Qe3 51. Rf7+ 1-0

[Event "Houston op"]
[Site "Houston"]
[Date "2013.11.10"]
[Round "5"]
[White "Zherebukh, Yaroslav"]
[Black "Berczes, David"]
[Result "1-0"]
[WhiteElo "2611"]
[BlackElo "2522"]
[PlyCount "123"]
[EventDate "2013.11.08"]
[EventType "swiss"]
[EventRounds "5"]
[EventCountry "USA"]
[SourceTitle "CBM 157 Extra"]
[Source "ChessBase"]
[SourceDate "2013.12.19"]
[SourceVersion "1"]
[SourceVersionDate "2013.12.19"]
[SourceQuality "1"]

1. Nf3 {Petursson,Margeir} d5 2. c4 d4 3. Qa4+ ({RR} 3. b4 e6 4. Bb2 c5 5. g3 Nh6 6. Ne5 Qc7 7. Qa4+ Nd7 8. Nd3 b5 9. Qxb5 Bb7 10. Rg1 cxb4 11. Ne5 Rd8 12. Nxd7 Rxd7 13. Bxd4 a6 14. Qe5 Qxc4 15. Bb2 Be7 16. Qb8+ ({RR} 16. Qxg7 Rg8 17. Qxh6 ({RR} 17. Qe5 Qc2 18. Bh3 Rd5 19. Qb8+ Bd8) ({RR} 17. Qxh7 Be4 18. Qxh6 Qc2) 17... Qc2) 16... Rd8 17. Qxb7 Qc2 {Spangenberg,H (2505)-Granda Zuniga,J (2600) Buenos Aires 1996 CBM 053 [Petursson,Margeir] 0-1}) 3... Bd7 ({RR} 3... Nc6 4. Ne5 Bd7 5. Nxd7 Qxd7 6. g3 e5 7. Bg2 f5 8. Qb5 e4 9. Bh3 Nge7 10. Qxb7 Rb8 11. Qa6 Nb4 12. Qxa7 Nc2+ 13. Kd1 Nc6 14. Qa4 Nxa1 15. Bxf5 Qxf5 16. Qxc6+ Kd8 17. Qd5+ Qxd5 18. cxd5 {Tan,Y-Ho,D (1134) Tornelo INT 2021 0-1}) 4. Qc2 $146 ({RR} 4. Qb3 Nc6 5. g3 e5 6. d3 h6 7. Bg2 Nf6 8. O-O Bc5 9. e3 O-O 10. exd4 exd4 11. Bf4 Nh5 12. Bd2 a5 13. Na3 a4 14. Qd1 Nf6 15. Re1 Bg4 16. h3 Bh5 17. Nb5 Nb4 18. Bf4 c6 {Borsos,B (2354)-Vavrak,P (2466) Pula 2008 0-1 (62)}) ({RR} 4. Qb3 Bc6 5. Ne5 Qd6 6. Nxc6 Qxc6 7. Qb5 a6 8. Qxc6+ Nxc6 9. d3 Nb4 10. Na3 e5 11. g3 f5 12. Bg2 Rb8 13. O-O Bd6 14. Bd2 Nc6 15. Nc2 Nf6 16. b4 h6 17. Rab1 g5 18. b5 axb5 {Messner,A (1630)-Obradovic,Z (1845) Wattens 1996 ½-½}) 4... Nc6 5. a3 a5 6. g3 e5 7. Bg2 Nf6 8. d3 h6 9. O-O Bc5 10. e4 dxe3 11. Bxe3 Bxe3 12. fxe3 Ng4 13. Re1 e4 14. dxe4 O-O 15. Nc3 Nce5 16. Nd4 c6 17. b3 Qg5 18. Qe2 Rad8 19. Rad1 Bc8 20. h3 Nf6 21. Qf2 Nfd7 22. Rd2 Qe7 23. Ra1 Nb6 24. Rc2 Nbd7 25. Na4 Nc5 26. Nb6 Be6 27. Rc3 Ned3 28. Qf3 Ne5 29. Qh5 Qg5 30. Qxg5 hxg5 31. b4 axb4 32. axb4 Na6 33. Ra5 Nd7 34. Nxd7 Bxd7 35. b5 Nb4 36. bxc6 Nxc6 37. Rxg5 Be6 38. Rd5 Ra8 39. Nxc6 Ra1+ 40. Kh2 bxc6 41. Rd2 c5 42. e5 Rb8 43. g4 g5 44. Kg3 Kf8 45. Bd5 Ke7 46. Rcd3 Rbb1 47. Bxe6 Kxe6 48. Kf3 Rf1+ 49. Ke4 Ra7 50. Rd8 Ke7 51. Rg8 Rd7 52. Rxd7+ Kxd7 53. Rxg5 Ke6 54. Rf5 Rc1 55. Rf6+ Ke7 56. Kd5 Rc3 57. Rf3 Rd3+ 58. Kxc5 Ke6 59. Kc6 Ra3 60. c5 Rb3 61. Kc7 Kd5 62. c6 1-0

[Event "SWE-chT 1314"]
[Site "Sweden"]
[Date "2014.02.22"]
[Round "6.5"]
[White "Hammer, Jon Ludvig"]
[Black "Berg, Emanuel"]
[Result "1-0"]
[WhiteElo "2647"]
[BlackElo "2547"]
[PlyCount "63"]
[EventDate "2013.11.22"]
[EventType "team-tourn"]
[EventRounds "9"]
[EventCountry "SWE"]
[SourceTitle "EXT 2015"]
[Source "ChessBase"]
[SourceDate "2014.11.20"]
[SourceVersion "1"]
[SourceVersionDate "2014.11.20"]
[SourceQuality "1"]
[WhiteTeam "Stockholm Rockaden"]
[BlackTeam "Stockholm Viking"]
[WhiteTeamCountry "SWE"]
[BlackTeamCountry "SWE"]

1. Nf3 Nf6 2. g3 b5 3. Bg2 Bb7 4. O-O e6 5. d3 Be7 6. e4 d5 7. exd5 ({RR} 7. e5 Nfd7 8. d4 c5 9. c3 a5 10. a4 b4 11. Re1 O-O 12. h4 Nc6 13. Nbd2 Ba6 14. Nf1 bxc3 15. bxc3 cxd4 16. cxd4 Rc8 17. Bg5 Nb4 18. Ne3 h6 19. Bxe7 Qxe7 20. Bf1 Bxf1 21. Kxf1 Nb6 {Baloglu,D (1944)-Cordeiro,M (2023) chess.com INT 2025 0-1 (35)}) 7... Nxd5 8. Nd4 $146 ({RR} 8. Ne5 Bf6 9. Ng4 Nc6 10. c4 bxc4 11. dxc4 Nb6 12. c5 Qxd1 13. Nxf6+ gxf6 14. Rxd1 Nd5 15. Nc3 Nxc3 16. bxc3 Rd8 17. Bf4 e5 18. Bh6 Ke7 19. f4 Rhg8 20. fxe5 fxe5 21. Rab1 Rxd1+ 22. Rxd1 Na5 {Granda Zuniga,J (2420)-Garcia Gonzales,G (2495) Havana 1986 1-0 (46)}) ({RR} 8. c4 Nb4 9. Nc3 a6 10. cxb5 O-O 11. bxa6 Rxa6 12. d4 Nd7 13. Bf4 Qa8 14. Rc1 c5 15. a3 Nd5 16. Nxd5 Bxd5 17. dxc5 Nxc5 18. Qe2 Nb3 19. Rc7 Bd8 20. Rd7 Bf6 21. Rd1 Ra4 22. Bd6 Rc8 {Andreikin,D (2729)-Makarian,R (2497) Cheliabinsk 2022 1-0 (54)}) ({RR} 8. c4 Nb4 9. Ne5 Bxg2 10. Kxg2 N8c6 11. Nxc6 Nxc6 12. Nc3 a6 13. Be3 O-O 14. Qf3 Nd4 15. Bxd4 Qxd4 16. cxb5 axb5 17. Nxb5 Qxb2 18. a4 Bf6 19. d4 c5 20. Rab1 Qa2 21. dxc5 Rxa4 22. c6 Rc4 {Timman,J (2545)-Berg,E (2574) Malmo 2007 1-0}) ({RR} 8. Qe2 O-O 9. c4 bxc4 10. dxc4 Nf6 11. Rd1 Qc8 12. Nc3 Bb4 13. Bd2 Re8 14. a3 Bf8 15. b4 c5 16. b5 Nbd7 17. Bf4 e5 18. Bg5 Qc7 19. Nd2 Bxg2 20. Kxg2 Qb7+ 21. f3 e4 22. Bxf6 exf3+ {Davies,N (2505)-Karlsson,L (2505) Gausdal 1993 ½-½ (41)}) 8... b4 9. c4 bxc3 10. Qb3 cxb2 11. Bxb2 Nd7 12. Qxb7 Rb8 13. Qxa7 Bc5 14. Qa5 Rxb2 15. Nc6 Qg5 16. Nc3 Nxc3 17. Qxc3 Qd2 18. Qxg7 Bxf2+ 19. Kh1 Rf8 20. Rad1 Qe2 21. Rb1 Rd2 22. Qg5 f6 23. Qg7 Bc5 24. Rg1 Rf7 25. Qg8+ Rf8 26. Qxh7 Rf7 27. Qg8+ Rf8 28. Qg6+ Rf7 29. Rbe1 Qf2 30. Qg8+ Bf8 31. Rxe6+ Re7 32. Rxe7# 1-0

[Event "WchT 9th"]
[Site "Antalya"]
[Date "2013.12.03"]
[Round "7.1"]
[White "Aronian, Levon"]
[Black "Ipatov, Alexander"]
[Result "1-0"]
[WhiteElo "2801"]
[BlackElo "2630"]
[PlyCount "77"]
[EventDate "2013.11.26"]
[EventType "team-tourn"]
[EventRounds "9"]
[EventCountry "TUR"]
[SourceTitle "CBM 158"]
[Source "ChessBase"]
[SourceDate "2014.01.16"]
[SourceVersion "1"]
[SourceVersionDate "2014.01.16"]
[SourceQuality "1"]
[WhiteTeam "Armenia"]
[BlackTeam "Turkey"]
[WhiteTeamCountry "ARM"]
[BlackTeamCountry "TUR"]

1. Nf3 Nf6 2. g3 b5 3. Bg2 Bb7 4. O-O e6 5. d3 Be7 6. e4 d6 7. Nd4 a6 8. Nb3 c5 9. e5 Bxg2 10. exf6 Bxf1 11. fxe7 Qxe7 12. Qxf1 Nc6 13. Be3 O-O 14. Nc3 $146 ({RR} 14. f4 Rfe8 15. Nc3 Nb4 16. Qg2 d5 17. a3 Nxc2 18. Qxc2 d4 19. Nxd4 cxd4 20. Bxd4 Qd6 21. Qf2 Red8 22. Bb6 Rdb8 23. Bd4 Rd8 24. Bb6 Rdb8 25. Ba5 Qxd3 26. Rd1 Qg6 27. Qf3 h6 28. Ne4 Rf8 {Meier,G (2657)-Martin,J (2280) Biel 2016 1-0 (40)}) 14... f5 15. Qg2 Rac8 16. a3 Qf6 17. Rd1 Nd4 18. f4 Rfe8 19. Bxd4 cxd4 20. Na2 Qd8 21. Rf1 Qb6 22. Qf2 e5 23. c3 Qb7 24. cxd4 exf4 25. Nc3 fxg3 26. hxg3 Rf8 27. d5 Rf6 28. Nd4 b4 29. axb4 Qxb4 30. Nc6 Qb7 31. Re1 Kh8 32. Re7 Qb3 33. Rd7 Re8 34. Nd4 Qb4 35. Ne6 Rg6 36. Rf7 Qg4 37. Ne2 Rf6 38. Rxg7 Qb4 39. Rxh7+ 1-0

[Event "Khanty-Mansiysk Governor Cup-A 9th"]
[Site "Khanty-Mansiysk"]
[Date "2013.11.30"]
[Round "3"]
[White "Shimanov, Aleksandr"]
[Black "Bukavshin, Ivan"]
[Result "1-0"]
[WhiteElo "2650"]
[BlackElo "2578"]
[PlyCount "81"]
[EventDate "2013.11.28"]
[EventType "swiss"]
[EventRounds "9"]
[EventCountry "RUS"]
[SourceTitle "CBM 157 Extra"]
[Source "ChessBase"]
[SourceDate "2013.12.19"]
[SourceVersion "1"]
[SourceVersionDate "2013.12.19"]
[SourceQuality "1"]

1. d4 d5 2. c4 e6 3. Nf3 c6 4. e3 Nf6 5. Bd3 Nbd7 6. b3 Bd6 7. Bb2 b6 8. O-O Bb7 9. Nbd2 O-O 10. Ne5 Qe7 ({RR} 10... c5 11. f4 cxd4 12. exd4 Ne4 13. cxd5 Nxd2 14. Qxd2 Bxd5 15. f5 Nxe5 16. dxe5 Bc5+ 17. Kh1 Be4 18. Rad1 exf5 19. Qc2 Qd5 20. Bxe4 Qxe4 21. Qc3 Rfd8 22. h3 Rxd1 23. Rxd1 Qe3 24. Qxe3 Bxe3 25. Rd7 {Mellem,N (2122)-Strand,V (2133) Oslo NOR 2024 0-1 (34)}) 11. f4 Ba3 12. Bxa3 Qxa3 13. Qc2 $146 ({RR} 13. Qf3 Qd6 14. g4 c5 15. g5 Ne8 16. Bxh7+ Kxh7 17. Qh5+ Kg8 18. Rf3 g6 19. Qh6 Ng7 20. Rh3 Nh5 21. Ng4 Rfd8 22. Rxh5 gxh5 23. Nf6+ Nxf6 24. gxf6 Qf8 25. Qxh5 cxd4 26. Kf2 dxe3+ 27. Ke2 {1-0 (27) Barbosa,O (2550)-Sidhant,M (2209) Mumbai 2012}) 13... h6 14. cxd5 exd5 15. Bf5 Qe7 16. g4 g6 17. g5 gxf5 18. Qxf5 Bc8 19. gxf6 Nxf6 20. Qd3 Bd7 21. Kh1 Kh8 22. f5 Rg8 23. e4 Be8 24. Rg1 dxe4 25. Nxe4 Nxe4 26. Qxe4 Qd6 27. Rxg8+ Kxg8 28. Rg1+ Kf8 29. Qf4 Ke7 30. Re1 Qd5+ 31. Nf3+ Kd8 32. Re5 Qd7 33. Qh4+ Kc8 34. Re7 Qd8 35. Qe4 Bd7 36. Rxf7 Be8 37. Re7 Bd7 38. f6 Qf8 39. Rxd7 Kxd7 40. Ne5+ Kd8 41. Qxc6 1-0

[Event "Khanty-Mansiysk Governor Cup-A 9th"]
[Site "Khanty-Mansiysk"]
[Date "2013.12.06"]
[Round "9"]
[White "Artemiev, Vladislav"]
[Black "Matlakov, Maxim"]
[Result "1-0"]
[WhiteElo "2570"]
[BlackElo "2700"]
[PlyCount "111"]
[EventDate "2013.11.28"]
[EventType "swiss"]
[EventRounds "9"]
[EventCountry "RUS"]
[SourceTitle "CBM 157 Extra"]
[Source "ChessBase"]
[SourceDate "2013.12.19"]
[SourceVersion "1"]
[SourceVersionDate "2013.12.19"]
[SourceQuality "1"]

1. b3 d5 2. Bb2 Bg4 3. Nf3 Nf6 4. e3 c6 5. Be2 Nbd7 6. c4 ({RR} 6. h3 Bh5 7. d3 e6 8. Nbd2 Bd6 9. g4 Bg6 10. Nh4 e5 11. Nf1 Ng8 12. Nxg6 hxg6 13. Nd2 Qe7 14. a3 Ngf6 15. c4 Nc5 16. b4 Ne6 17. Nb3 d4 18. Qc2 c5 19. exd4 Nxd4 20. Nxd4 exd4 {Anton Guijarro,D (2626)-Sevian,S (2578) Martuni 2015 ½-½ (55)}) 6... h6 $146 ({RR} 6... Qc7 7. Nc3 dxc4 8. bxc4 e5 9. d3 Be7 10. Qc2 Bf5 11. O-O O-O 12. Ne4 Nxe4 13. dxe4 Be6 14. Rad1 Rfd8 15. h3 f6 16. Nh4 Bf8 17. Nf5 Nc5 18. Ng3 Qa5 19. Ba1 Qa4 20. Qxa4 Nxa4 21. f4 {Manai,C (2190)-Kakadelis,E (2025) Heraklion 1998 ½-½ (46)}) ({RR} 6... Bxf3 7. Bxf3 e5 8. cxd5 cxd5 9. Nc3 e4 10. Be2 Bd6 11. O-O O-O 12. d3 Be5 13. Na4 Bxb2 14. Nxb2 Rc8 15. Rc1 Qa5 16. dxe4 Rxc1 17. Qxc1 dxe4 18. a4 Qb4 19. Qc2 Nc5 20. Bc4 h5 21. Rd1 {Pastar,S (2327)-Postny,E (2568) Chess.com INT 2021 ½-½ (55)}) 7. O-O e6 8. Nc3 Bd6 9. cxd5 cxd5 10. h3 Bxf3 11. Bxf3 O-O 12. a3 a6 13. d3 Qe7 14. Qd2 Ne5 15. Be2 Nc6 16. d4 e5 17. dxe5 Bxe5 18. Bf3 d4 19. Na4 Rfd8 20. Bxc6 bxc6 21. exd4 Bc7 22. Qe3 Qd6 23. Qe5 Qd7 24. Nc5 Bxe5 25. Nxd7 Nxd7 26. dxe5 Rab8 27. b4 a5 28. Bc3 axb4 29. Bxb4 Nxe5 30. Bc3 Nd3 31. Rfb1 Rxb1+ 32. Rxb1 Nf4 33. Be5 Nd3 34. Rd1 c5 35. a4 c4 36. a5 Ra8 37. Bc3 f6 38. Rb1 Kf7 39. Rb7+ Ke6 40. Rc7 Nf4 41. Bd2 Ne2+ 42. Kf1 Nd4 43. Rxc4 Nb3 44. Bc3 Ra7 45. Ra4 Rc7 46. a6 Rxc3 47. a7 Rc8 48. a8=Q Rxa8 49. Rxa8 Kf5 50. Rd8 Ke6 51. Ke2 Nc5 52. Ke3 Kf7 53. f4 Ke7 54. Rc8 Ne6 55. Ke4 Kf7 56. f5 1-0

[Event "HUN-ch 63rd"]
[Site "Gyula"]
[Date "2013.12.07"]
[Round "5"]
[White "Pap, Gyula"]
[Black "Banusz, Tamas"]
[Result "1-0"]
[WhiteElo "2522"]
[BlackElo "2598"]
[PlyCount "121"]
[EventDate "2013.12.03"]
[EventType "tourn"]
[EventRounds "9"]
[EventCountry "HUN"]
[EventCategory "12"]
[SourceTitle "CBM 157 Extra"]
[Source "ChessBase"]
[SourceDate "2013.12.19"]
[SourceVersion "1"]
[SourceVersionDate "2013.12.19"]
[SourceQuality "1"]

1. Nf3 Nf6 2. g3 g6 3. b3 Bg7 4. Bb2 O-O 5. Bg2 b6 6. Ne5 d5 7. d4 ({RR} 7. O-O Bb7 8. d4 c5 9. c4 cxd4 10. Bxd4 Nc6 11. Nxc6 Bxc6 12. Nc3 e6 13. Rc1 Rc8 14. Bxf6 Qxf6 15. cxd5 Ba8 16. Nb5 a6 17. Nd6 Rcd8 18. Nc4 Bxd5 19. Qc2 Bxg2 20. Kxg2 b5 21. Ne3 Qe7 {Artemiev,V (2746)-So,W (2767) Chess.com INT 2019 0-1 (78)}) 7... Bb7 8. c4 e6 9. Nc3 $146 ({RR} 9. O-O c5 10. dxc5 bxc5 11. cxd5 exd5 12. Nc3 Re8 13. Nd3 Nbd7 14. Rc1 Rc8 15. Na4 Qa5 16. Bc3 Qb5 17. Bxf6 Bxf6 18. Nf4 d4 19. Bxb7 Qxb7 20. Nd3 Qe4 21. Rc2 Be7 22. Qd2 Bf8 23. Rfc1 Qe6 {Deac,B (2702)-Neagu,R (2272) Ubeda ESP 2023 1-0 (35)}) ({RR} 9. O-O c5 10. dxc5 bxc5 11. cxd5 exd5 12. Nc3 Re8 13. Nd3 Nbd7 14. Rc1 Rc8 15. Na4 Qa5 16. Bc3 Qb5 17. Bxf6 Bxf6 18. Nf4 d4 19. Bxb7 Qxb7 20. Nd3 Qe4 21. Rc2 Be7 22. Qd2 Bf8 23. Rfc1 Qe6 {Deac,B (2702)-Neagu,R (2272) Ubeda ESP 2023 1-0 (35)}) 9... Nfd7 10. Nd3 Bxd4 11. cxd5 Nf6 12. Nf4 e5 13. Qd2 Bxc3 14. Qxc3 Nbd7 15. O-O-O exf4 16. Bh3 Nc5 17. f3 Re8 18. Rd2 Kg7 19. gxf4 Bc8 20. f5 Qd6 21. e4 Ncd7 22. fxg6 Qc5 23. Bxd7 Qxc3+ 24. Bxc3 Bxd7 25. gxh7 Kxh7 26. Bxf6 Rg8 27. Rc2 Rac8 28. Kb2 c5 29. dxc6 Rxc6 30. Rxc6 Bxc6 31. Rc1 Bb5 32. Rc7 Rg2+ 33. Ka3 Kg6 34. Be5 f6 35. Bg3 a5 36. Rb7 Bd3 37. Rxb6 Bb1 38. Ka4 Rxa2+ 39. Kb5 Kf7 40. Rb7+ Kg6 41. Rb6 Kf7 42. Kc4 a4 43. bxa4 Rxa4+ 44. Kc3 Ba2 45. Kd3 Bc4+ 46. Kd4 Be2+ 47. Ke3 Bd1 48. Rb7+ Kg6 49. Bd6 Ra2 50. Bf8 f5 51. e5 Ra4 52. Bb4 Kg5 53. Rg7+ Kh6 54. Rb7 Kg5 55. f4+ Kg4 56. e6 Ra6 57. Rg7+ Kh5 58. e7 Re6+ 59. Kd2 Kh6 60. Rg5 Bg4 61. h3 1-0

[Event "AUT-chT 1314"]
[Site "Austria"]
[Date "2013.12.06"]
[Round "1.4"]
[White "Kunin, Vitaly L"]
[Black "Rogic, Davor"]
[Result "1-0"]
[WhiteElo "2552"]
[BlackElo "2566"]
[PlyCount "77"]
[EventDate "2013.12.06"]
[EventType "team-tourn"]
[EventRounds "11"]
[EventCountry "AUT"]
[SourceTitle "CBM 157 Extra"]
[Source "ChessBase"]
[SourceDate "2013.12.19"]
[SourceVersion "1"]
[SourceVersionDate "2013.12.19"]
[SourceQuality "1"]
[WhiteTeam "Bernhard"]
[BlackTeam "St Veit/Glan"]
[WhiteTeamCountry "AUT"]
[BlackTeamCountry "AUT"]

1. Nf3 d5 2. g3 c6 3. Bg2 Bg4 4. O-O Nd7 5. d4 e6 6. Nbd2 f5 7. c4 Bd6 8. b3 Ngf6 9. Bb2 Qb8 ({RR} 9... Ne4 10. Ne5 Nxe5 11. dxe5 Bc5 12. cxd5 exd5 13. Nf3 Qb6 14. e3 Ng5 15. h4 Ne6 16. Qc2 O-O 17. Rac1 Bxf3 18. Bxf3 a5 19. a4 Rf7 20. Bh5 g6 21. Be2 Raf8 22. Kg2 Bb4 23. h5 g5 24. h6 {Bykhovsky,A (2496)-Quesada Perez,Y (2627) Chess.com INT 2018 0-1 (42)}) ({RR} 9... O-O 10. Ne5 Bh5 11. Ndf3 Ne4 12. Nxd7 Qxd7 13. Qc2 f4 14. Rad1 Qe7 15. Ne5 Bxe5 16. Bxe4 dxe4 17. dxe5 f3 18. exf3 Bxf3 19. Rd4 Rf5 20. Qd2 Raf8 21. Rd7 Qe8 22. Ba3 Qh5 23. h4 Qg4 24. Kh2 {Narayanan,S (2559)-Malek,J (2389) chess.com INT 2023 1-0}) 10. Qc1 $146 ({RR} 10. Ng5 f4 11. f3 h6 12. fxg4 hxg5 13. h3 Qc7 14. Qc2 O-O-O 15. c5 Be7 16. gxf4 gxf4 17. Nf3 Ne4 18. b4 Bf6 19. Rad1 g5 20. Ba1 Rh6 21. Qb2 Rdh8 22. Ne5 Rxh3 23. Bxh3 Rxh3 24. Rf3 Rh4 {Shipman,W-Mengarini,A Lone Pine 1973 ½-½ (68)}) ({RR} 10. Ng5 Ke7 11. f3 Bh5 12. Qc2 f4 13. Bh3 Nf8 14. gxf4 Bxf4 15. Ba3+ Kd7 16. cxd5 Bxg5 17. dxc6+ bxc6 18. Qc5 Nd5 19. Nc4 Be7 20. Qa5 Bxa3 21. Ne5+ Ke8 22. Qxa3 Qb4 23. Qxb4 Nxb4 24. Rfc1 Nd5 {Racz,P (2002)-Szabo,P (1934) Budapest 2011 0-1 (52)}) 10... O-O 11. Ba3 Re8 12. Bxd6 Qxd6 13. Qb2 Rad8 14. e3 b6 15. Ne5 Bh5 16. Rac1 c5 17. cxd5 exd5 18. Nxd7 Nxd7 19. Bf3 Bf7 20. Rfd1 Qf6 21. Nb1 Nb8 22. Qc3 c4 23. bxc4 dxc4 24. Na3 a6 25. Nxc4 b5 26. Na5 Bxa2 27. d5 Nd7 28. Nc6 Ne5 29. Bg2 Rd6 30. Qa3 Bc4 31. Qxa6 Nd3 32. Rb1 f4 33. exf4 Nxf4 34. gxf4 Qxf4 35. Qa7 Qg5 36. Re1 Rf8 37. Qe3 Qh5 38. Qe5 Qh6 39. Ne7+ 1-0

[Event "London Classic Gp-B 5th"]
[Site "London"]
[Date "2013.12.11"]
[Round "2"]
[White "Kramnik, Vladimir"]
[Black "Rowson, Jonathan"]
[Result "1-0"]
[WhiteElo "2793"]
[BlackElo "2569"]
[PlyCount "93"]
[EventDate "2013.12.11"]
[EventType "tourn (rapid)"]
[EventRounds "6"]
[EventCountry "ENG"]
[EventCategory "18"]
[SourceTitle "CBM 158"]
[Source "ChessBase"]
[SourceDate "2014.01.16"]
[SourceVersion "1"]
[SourceVersionDate "2014.01.16"]
[SourceQuality "1"]

1. Nf3 d5 2. g3 Bg4 3. Bg2 Nd7 4. O-O Ngf6 5. d3 c6 6. h3 Bh5 7. Qe1 e5 8. e4 dxe4 9. dxe4 Be7 10. Nbd2 O-O 11. Nc4 Qc7 12. Nh4 Rfe8 13. a4 b6 $146 ({RR} 13... Nc5 14. Bd2 Nfd7 15. Nf5 Bf8 16. Ba5 b6 17. Bc3 f6 18. Kh2 Bf7 19. Qe2 Ne6 20. Rfd1 Red8 21. Ncd6 Ndc5 22. Nxf7 Qxf7 23. b4 Nb7 24. Qe3 Rxd1 25. Rxd1 Rd8 26. Rxd8 Nbxd8 27. Bf1 g6 28. Bc4 {Movsesian,S (2624)-Krivoshey,S (2487) Playchess.com INT 2005 1-0 (45)}) ({RR} 13... a5 14. Bd2 b6 15. Kh1 Nc5 16. g4 Nfd7 17. f4 b5 18. axb5 cxb5 19. Ne3 Qd8 20. Nhf5 exf4 21. Nd5 Bg6 22. Bxa5 Rxa5 23. Ndxe7+ Rxe7 24. Qxa5 Re8 25. Qxd8 Rxd8 26. Rad1 f6 27. Rxf4 Rb8 28. Rf2 {Giri,A (2798)-Motylev,A (2649) Baku 2015 1-0 (34)}) ({RR} 13... Nc5 14. Nf5 Bf8 15. b4 Ne6 16. Bb2 Nd7 17. f4 exf4 18. gxf4 Bg6 19. Qg3 f6 20. Rad1 Bxb4 21. Ncd6 Bxd6 22. Nxd6 Qb6+ 23. Kh1 Qxb2 24. f5 Qe5 25. Qh4 Re7 26. fxg6 hxg6 27. Nxb7 Ndc5 28. Nd6 {Le,Q (2739)-Piesik,P (2421) chess.com INT 2024 0-1 (40)}) ({RR} 13... Nc5 14. Nf5 Bf8 15. b4 Ne6 16. c3 Nd7 17. Be3 f6 18. a5 Red8 19. Kh2 b5 20. axb6 axb6 21. Rxa8 Rxa8 22. Qd2 b5 23. Na5 Rd8 24. Qa2 Bf7 25. Qe2 Nb6 26. Rc1 Na4 27. Bf1 h5 28. Qc2 {Zazuliak,A (2239)-Shalimov,V (2314) Omelnyk 2022 1-0 (57)}) 14. Bd2 a6 15. Kh1 Bf8 16. b3 b5 17. Ne3 Nc5 18. Nef5 bxa4 19. bxa4 Rab8 20. Ba5 Qc8 21. g4 Bg6 22. Bc3 Nfd7 23. Qd2 Nb6 24. f4 Ncxa4 25. Bxe5 Nc4 26. Qd4 Nxe5 27. Qxa4 Nd7 28. e5 Rb6 29. Rad1 Nc5 30. Qc4 Bxf5 31. Nxf5 Qe6 32. Qd4 Reb8 33. Nd6 Bxd6 34. exd6 Nd7 35. Rfe1 Qf6 36. Qe3 Qd8 37. g5 g6 38. Qe7 Nf8 39. c4 Ne6 40. Rxe6 fxe6 41. Qxe6+ Kf8 42. Qe5 Kg8 43. Bxc6 Rxc6 44. Qd5+ Kf8 45. Qxc6 Qc8 46. Qxc8+ Rxc8 47. c5 1-0

[Event "EU-ch blitz"]
[Site "Warsaw"]
[Date "2013.12.13"]
[Round "7.2"]
[White "Petrosian, Tigran L"]
[Black "Stupak, Kirill"]
[Result "1-0"]
[WhiteElo "2648"]
[BlackElo "2505"]
[PlyCount "55"]
[EventDate "2013.12.13"]
[EventType "swiss (blitz)"]
[EventRounds "11"]
[EventCountry "POL"]
[SourceTitle "CBM 157 Extra"]
[Source "ChessBase"]
[SourceDate "2013.12.19"]
[SourceVersion "1"]
[SourceVersionDate "2013.12.19"]
[SourceQuality "1"]

1. Nf3 Nf6 2. g3 b5 3. Bg2 Bb7 4. O-O c5 5. d3 e6 6. e4 Be7 7. e5 Nd5 8. c4 bxc4 ({RR} 8... Nc7 9. Qe2 d6 10. exd6 Bxd6 11. Nc3 b4 12. Ne4 Be7 13. Rd1 Nc6 14. Be3 Nd4 15. Nxd4 cxd4 16. Bf4 O-O 17. Nf6+ Bxf6 18. Bxb7 Rb8 19. Bg2 Bg5 20. Be5 Bf6 21. a3 b3 22. Rac1 Qe7 23. Bxc7 {Daneshvar,B (2591)-Keymer,V (2738) Samarkand UZB 2023 ½-½ (172)}) 9. dxc4 Nb6 10. Qc2 $146 ({RR} 10. b3 f5 11. Nc3 O-O 12. Nb5 Bc6 13. a4 g5 14. Ne1 Nc8 15. Be3 a6 16. Nd6 Bxg2 17. Nxg2 Nc6 18. f4 gxf4 19. gxf4 Nxd6 20. exd6 Bf6 21. Bxc5 Bxa1 22. Qxa1 Rb8 23. Rf3 Rf6 24. Nh4 Kf7 {Odinokov,N (2315)-Kutuzov,D (2277) Novosibirsk 2003 ½-½ (33)}) ({RR} 10. Qe2 d5 11. exd6 Bxd6 12. Rd1 Qe7 13. Nc3 N8d7 14. Rxd6 Qxd6 15. Nb5 Qe7 16. Nc7+ Kf8 17. Nxa8 Bxa8 18. a4 f6 19. a5 Nc8 20. Be3 Nd6 21. Rd1 Nf5 22. b4 Kf7 23. b5 e5 24. Ng5+ fxg5 {Romanishin,O (2402)-Carroll,P (2031) Sitges 2020 1-0}) 10... Nc6 11. Rd1 Qc7 12. Bf4 h6 13. Nc3 g5 14. Nb5 Qb8 15. Be3 Nxe5 16. Nxe5 Bxg2 17. Ng6 Qb7 18. Nxe7 Kxe7 19. Bxc5+ Kf6 20. Bd4+ e5 21. Nd6 Qf3 22. Rd3 Qc6 23. Re3 Qxd6 24. Bxe5+ Qxe5 25. Rxe5 Kxe5 26. Kxg2 Kf6 27. Qc3+ Kg6 28. c5 1-0

[Event "Beijing Sportaccord blitz"]
[Site "Beijing"]
[Date "2013.12.14"]
[Round "5"]
[White "Le, Quang Liem"]
[Black "Ponomariov, Ruslan"]
[Result "1-0"]
[WhiteElo "2703"]
[BlackElo "2731"]
[PlyCount "65"]
[EventDate "2013.12.14"]
[EventType "tourn (blitz)"]
[EventRounds "30"]
[EventCountry "CHN"]
[EventCategory "20"]
[SourceTitle "CBM 157 Extra"]
[Source "ChessBase"]
[SourceDate "2013.12.19"]
[SourceVersion "1"]
[SourceVersionDate "2013.12.19"]
[SourceQuality "1"]

1. Nf3 d5 2. g3 g6 3. Bg2 Bg7 4. O-O e5 5. d3 Ne7 6. e4 d4 7. a4 c5 8. Na3 Nbc6 9. c3 h6 10. cxd4 cxd4 11. Bd2 O-O 12. b4 Bg4 $146 ({RR} 12... Be6 13. b5 Na5 14. Bb4 Re8 15. Nd2 Rc8 16. Qb1 Kh7 17. Qb2 f6 18. Rfc1 Bf8 19. f4 Rxc1+ 20. Rxc1 Nc8 21. Rf1 Bxb4 22. Qxb4 b6 23. f5 gxf5 24. exf5 Bf7 25. Ne4 Kg7 26. Rc1 Qd7 27. g4 {Rago,S (2275)-Barreto Carreno,C Buenos Aires 1996 ½-½}) 13. Nc4 Rc8 14. b5 Nb8 15. Bb4 Nd7 16. Qd2 b6 17. a5 Be6 18. axb6 axb6 19. Rfc1 Bxc4 20. dxc4 Nc5 21. Qc2 Qd7 22. Ne1 f5 23. Bxc5 Rxc5 24. Nd3 Rc7 25. c5 bxc5 26. b6 Rcc8 27. Nxc5 Qd6 28. b7 Rb8 29. Ra6 Qc7 30. exf5 gxf5 31. Qb1 e4 32. Nxe4 Qe5 33. Nc5 1-0